| 000 | 01376cam a22002895a 4500 | ||
|---|---|---|---|
| 001 | L158695 | ||
| 008 | 150623s2015 xxk f 000 0 eng d | ||
| 020 | _a9781138795518 | ||
| 035 | _a(Sirsi) u158695 | ||
| 041 | 0 | _aeng | |
| 050 | 0 | 4 | _a692.8 $2 18 |
| 100 | 1 | _aChappell, David | |
| 245 | 0 | 0 |
_aConstruction contracts _bquestions and answers |
| 250 | _a3rd edition | ||
| 260 |
_aOxon _bRoutledge _c2015 |
||
| 505 | 2 | _aTendering -- Pre-contract issues -- Possession of the site -- General contractual matters -- Warranties, bonds and novation -- Contractor's programme -- Contract administration -- Architects -- Fees -- Design -- Architect's instruction -- Inspection -- Defects during progress -- Defects after practical completion -- Valuation and payment -- Certificates -- Sub-contracts -- Extensions of time/Adjustment of the completion date -- Liquidated damages -- Loss and/or expense -- Sectional completion -- Practical completion and partial possession -- Termination -- Disputes | |
| 520 | _aA series of 225 FAQs and answers relating to construction law and contracts. | ||
| 521 | _aAdvanced | ||
| 650 | 2 | 4 | _aBUILT ENVIRONMENT-BUILDING CONTRACT FORMS |
| 650 | 2 | 4 | _aEXTENSIONS OF TIME |
| 650 | 2 | 4 | _aLIQUIDATED DAMAGES |
| 650 | 2 | 4 | _aCERTIFICATES |
| 650 | 2 | 4 | _aADJUDICATION |
| 651 | 4 | _aENGLAND AND WALES | |
| 690 |
_aContracts _96232 |
||
| 942 | _n0 | ||
| 999 |
_c115461 _d115461 |
||